| Tag |
First Indicator |
Second Indicator |
Subfields |
| LEADER |
00000nam a2200000Ia 4500 |
| 001 |
in00004179739 |
| 005 |
20200807084235.0 |
| 006 |
m g d |
| 007 |
cr bn |||a|bb| |
| 008 |
040304s1610 enka o 000 0 eng d |
| 035 |
|
|
|a (OCoLC)54532278
|
| 040 |
|
|
|a EBK
|e dcrb
|c EBK
|
| 037 |
|
|
|a CL0036000070
|b ProQuest Information and Learning 300 N. Zeeb Rd., Ann Arbor, MI 48103-1553
|
| 041 |
1 |
|
|a eng
|h heb
|h grc
|
| 090 |
|
|
|a BS170
|b 1610
|
| 049 |
|
|
|a UMIA
|
| 130 |
0 |
|
|a Bible.
|l English.
|s Geneva.
|f 1600.
|
| 245 |
1 |
4 |
|a The Bible: that is, the Holy Scriptures conteined in the Old and New Testament. /
|c Translated according to the Hebrew and Greeke, and conferred with the best translations in diuers languages. With most profitable annotations vpon all hard places, and other things of great importance.
|
| 260 |
|
|
|a Imprinted at London :
|b by Robert Barker, Printer to the Kings most Excellent Maiestie.,
|c 1610..
|
| 300 |
|
|
|a 1 online resource ([8], 190 [id est 379], [1], 181 [id est392], 121 [id est 241], [23] pages :
|b illustrations.
|
| 336 |
|
|
|a text
|b txt
|2 rdacontent
|
| 337 |
|
|
|a computer
|b c
|2 rdamedia
|
| 338 |
|
|
|a online resource
|b cr
|2 rdacarrier
|
| 500 |
|
|
|a Includes index.
|
| 500 |
|
|
|a Includes Apocrypha.
|
| 500 |
|
|
|a Colophon dated: 1611.
|
| 500 |
|
|
|a New Testament has special t.p.
|
| 500 |
|
|
|a Titles within border (McK. and Ferg. 230); headpieces, initials; leaf [par]₁r contains vignette with init. "A".
|
| 500 |
|
|
|a "Cum priuilegio."
|
| 500 |
|
|
|a Signatures: A-Z⁸, and⁶, 2A-2Z⁸, 2&⁸, 2*⁴, 3A-3Q⁸, 3R⁴.
|
| 500 |
|
|
|a Pages numbered on recto only.
|
| 500 |
|
|
|a Numerous errors in paging.
|
| 500 |
|
|
|a Imperfect: tightly bound with slight loss of printing.
|
| 500 |
|
|
|a Reproduction of original in: University of Glasgow. Library.
|
| 510 |
4 |
|
|a STC (2nd edition)
|c 2210.
|
| 533 |
|
|
|a Electronic reproduction.
|b Ann Arbor, Mich. :
|c UMI,
|d 1999-
|f (Early English books online)
|n Digital version of: (Early English books, 1475-1640 ; 2127:1)
|7 s1999 miun s
|
| 730 |
0 |
2 |
|a Bible.
|p O.T.
|p Apocrypha.
|l English.
|s Geneva.
|f 1610.
|
| 830 |
|
0 |
|a Early English books online.
|
| 856 |
4 |
0 |
|u http://proxy.library.tamu.edu/login?url=https://search.proquest.com/docview/2240910615
|z Connect to the full text of this electronic book
|t 0
|
| 999 |
f |
f |
|s 7bbd96ff-3096-35d8-8260-e9fd276e7943
|i 8ed756f5-4a34-3b20-b3a8-0765318def48
|t 0
|
| 952 |
f |
f |
|a Texas A&M University
|b College Station
|c Electronic Resources
|d Available Online
|t 0
|e BS170 1610
|h Library of Congress classification
|
| 998 |
f |
f |
|a BS170 1610
|t 0
|l Available Online
|